000 00660cam a2200229 a 4500
001 17001415
005 20180302052318.0
008 111017s2013 maua 001 0 eng
010 _a 2011043153
020 _a9780132671033 (pbk.)
040 _aDLC
_cDLC
_dDLC
041 _aeng
042 _apcc
080 _a658.15 BRO
082 0 0 _a658.15 BRO
_223
100 1 _a55
101 _aMF
245 1 0 _aFinancial management :
_cRaymond M. Brooks.
906 _a7
_bcbc
_corignew
_d1
_eecip
_f20
_gy-gencatlg
942 _2ddc
_cBK
999 _c44000
_d44000